Problems and solutions for natural rubber (Record no. 65721)

MARC details
000 -LEADER
fixed length control field 00406nam a2200145Ia 4500
100 ## - MAIN ENTRY--AUTHOR NAME
Personal name Livonniere H De
245 #0 - TITLE STATEMENT
Title Problems and solutions for natural rubber
260 ## - PUBLICATION, DISTRIBUTION, ETC. (IMPRINT)
Name of publisher Revue Generale des Caoutchoucs et Plastiques (France)
Year of publication 1993
300 ## - PHYSICAL DESCRIPTION
Number of Pages 76-78
500 ## - GENERAL NOTE
General note Source Year: 1995
650 ## - SUBJECT ADDED ENTRY--TOPICAL TERM
Topical Term Technical properties
856 ## - ELECTRONIC LOCATION AND ACCESS
Uniform Resource Identifier ATA
942 ## - ADDED ENTRY ELEMENTS (KOHA)
Koha item type Journals
Holdings
Withdrawn status Lost status Damaged status Not for loan Home library Current library Shelving location Date acquired Serial Enumeration / chronology Koha item type
      Journals RRII Library RRII Library Agricultural economics 17/10/1995 Volume No, Issue 723 Journals